Foundations of clinical psychiatry (Record no. 1195)

MARC details
000 -LEADER
fixed length control field 00860 a2200217 4500
008 - FIXED-LENGTH DATA ELEMENTS--GENERAL INFORMATION
fixed length control field 080822t xxu||||| |||| 00| 0 eng d
010 ## - LIBRARY OF CONGRESS CONTROL NUMBER
LC control number ENG-85080
020 ## - INTERNATIONAL STANDARD BOOK NUMBER
International Standard Book Number 8188689483
Terms of availability 695.00
035 ## - SYSTEM CONTROL NUMBER
System control number EN-68613
037 ## - SOURCE OF ACQUISITION
Source of stock number/acquisition D.B.Act / Pub
082 ## - DEWEY DECIMAL CLASSIFICATION NUMBER
Classification number 616.89
245 ## - TITLE STATEMENT
Title Foundations of clinical psychiatry
Statement of responsibility, etc edited by Sidney Bloch and Bruce S.Singh
250 ## - EDITION STATEMENT
Edition statement 2nd ed.
260 ## - PUBLICATION, DISTRIBUTION, ETC. (IMPRINT)
Place of publication, distribution, etc New Delhi
Name of publisher, distributor, etc Overseas Press India
Date of publication, distribution, etc 2006
270 ## - ADDRESS
Address 7/28, Ansari Road, Darya Ganj
City New Delhi
Postal code 110 002
Electronic mail address overseas@de13.vsnl.nic.in
300 ## - PHYSICAL DESCRIPTION
Extent xii, 606p.
Other physical details 23cm.(Pbk)
500 ## - GENERAL NOTE
General note includes index
710 ## - ADDED ENTRY--CORPORATE NAME
Corporate name or jurisdiction name as entry element Bloch, Sidney
Subordinate unit Singh, Bruce S.
942 ## - ADDED ENTRY ELEMENTS (KOHA)
Institution code [OBSOLETE] dpl
Koha item type English Books
Call number prefix 616.89 / FOU
Source of classification or shelving scheme Dewey Decimal Classification
Classification part 616.89
Call number suffix FOU
Holdings
Withdrawn status Lost status Damaged status Not for loan Home library Current library Date acquired Cost, normal purchase price Total Checkouts Full call number Barcode Date last seen Copy number Uniform Resource Identifier Cost, replacement price Price effective from Koha item type
        D.B.Act.Division D.B.Act.Division 22/08/2008 695.00   616.89 FOU EN-68613 15/09/2008 1 1260 695.00 15/09/2008 English Books

© Delhi Public Library
Hit Counter
free hit counter